000 00620nam a22002297a 4500
003 UA-OsUOA
001 95061
007 ta
008 20130225b un ||||| |||| 00| 0 ukr d
100 _aИванычук Р.
090 _a821.161.2
_bИ23
942 _cBK
040 _aUA-OsUOA
_brus
_cUA-OsUOA
_dUA-OsUOA
245 _aМанускрипт с улицы русской
_bроманы
300 _a635 с.
955 _a3
041 _arus
080 _a821.161.2
260 _aМ.
_bИзвестия
_c1983
650 7 _a82 Література. Літературознавство
_2UDC
999 _c381305
_d381305